[Event "Summer Prague Open A 2020"]
[Site "Prague"]
[Date "2020.08.10"]
[Round "4.16"]
[White "Tabak, Stefan"]
[Black "Simek, Petr"]
[Result "0-1"]
[WhiteElo "2094"]
[BlackElo "2344"]
[Annotator "TA"]
[PlyCount "147"]
[EventDate "2020.08.08"]
[EventCountry "CZE"]
[SourceTitle "playchess.com"]
[Source "ChessBase"]
[SourceQuality "1"]

{[%evp 19,147,23,27,1,12,10,25,17,13,0,0,0,0,0,11,-27,-33,-16,-30,-49,-49,-60,-59,-74,-69,-104,-87,-126,-110,-134,-115,-183,-193,-182,-186,-184,-126,-126,-105,-154,-158,-196,-206,-204,-158,-188,-163,-164,-167,-165,-155,-200,-219,-204,-145,-195,-184,-213,-206,-229,-149,-184,-183,-185,-177,-265,-184,-374,-366,-476,-464,-497,-306,-318,0,-474,0,-452,0,-482,-224,-985,-114,-235,0,-924,-315,-322,-272,-292,-302,-264,-170,-658,-243,-202,-145,-204,-102,-328,-315,-462,-443,-960,-912,-662,-80,-103,-17,-19,-12,-27,0,0,0,0,0,0,0,0,0,0,0,0,0,0,0,0,0,-4133]} 1. e4 c5 2. Nc3 Nc6 3. f4 g6 4. Nf3 Bg7 5. g3 d6 6. Bg2 e5 7. d3 Nge7 8. O-O exf4 9. Bxf4 O-O 10. Qd2 Bg4 11. Rae1 {B25: Closed Sicilian: 3 g3, lines without early Be3.} Qd7 12. Bh6 {[#]} Rad8 $146 ({Predecessor:} 12... f6 13. Bxg7 Kxg7 14. a3 Rae8 15. Kh1 b6 16. Qf4 Be6 17. Nb5 Ne5 18. Nc3 N7c6 {½-½ (54) Guadamuro Torrente,A (2192)-Vega Gutierrez,S (2355) Salobrena 2012}) 13. Bxg7 {White has an edge.} Kxg7 14. a3 f6 15. Rf2 b6 16. Qf4 Qe6 17. Nd5 Bxf3 18. Nxe7 Qxe7 19. Rxf3 d5 20. Rff1 d4 21. Bh3 Ne5 22. b3 b5 23. Rd1 Rd6 {[%cal Bd8d6,Bd6c6,Bc6c3][%mdl 32]} 24. Kh1 Rfd8 25. Rfe1 (25. Bg4 $17) 25... c4 $1 $19 26. bxc4 bxc4 27. Bf1 cxd3 ({Black should play} 27... Ra6 $1 $19 28. Ra1 Rxa3 29. Rxa3 Qxa3) 28. Bxd3 $17 Rc6 29. Rb1 Rc3 30. Red1 Rxa3 31. Rb5 Rc3 32. Ra5 Rd6 33. Rb1 Rb6 34. Rba1 Rb7 35. Ba6 Rbc7 36. Bd3 R3c5 37. R5a4 Nc6 38. Qf2 a5 39. Kg1 Qe5 40. Rb1 Nb4 41. Rb2 h5 42. Kg2 (42. Raxb4 {keeps fighting.} axb4 43. Rxb4) 42... Rc3 43. Qd2 $2 (43. Raxb4 {was worth a try.} axb4 44. Rxb4) 43... Qc5 $19 44. Kh3 Re7 45. Kg2 Re5 46. Qf2 Re7 ({Don't take} 46... Nxd3 47. cxd3 Rxd3 48. Rb7+ Kh6 49. Qf4+ Rg5 50. Ra2 $19) (46... Re6 $142 47. Kg1 Nxd3 48. cxd3 Rxd3) 47. Qd2 $1 Rc7 48. Kh3 $1 Qe5 $2 (48... Rb7 $19 49. Ra1 Qc8+ 50. Kg2 Nxd3 51. Rxb7+ Qxb7 52. cxd3 Rxd3 $1 {[%mdl 512]} 53. Qxd3 Qb2+ {[%mdl 64] Double Attack} 54. Kh3 Qxa1) 49. Qe2 $2 {[%mdl 8192]} (49. Kg2 $11 {and White is okay.}) 49... R7c5 (49... Qe8 $142 50. Raxb4 axb4) 50. Qf2 $2 (50. Rxa5 Rxa5 51. Rxb4) 50... Kh6 $2 (50... Nxd3 $19 51. cxd3 Rxd3) 51. Qd2+ (51. Raxb4 $17 axb4 52. Rxb4) 51... Kg7 $2 (51... g5 52. Kg2 Qc7) 52. Qf2 $1 Qe6+ $2 (52... Nxd3 53. cxd3 Rxd3) 53. Kg2 Qc6 54. Raxb4 axb4 55. Qxd4 {[#]} b3 $1 56. Rxb3 $2 (56. cxb3 Qc7 57. Rf2) 56... Rxb3 $2 (56... Rxc2+ 57. Bxc2 Rxc2+ 58. Kf3 Qe6) 57. cxb3 {[%mdl 4096] Endgame KQR-KQB} Re5 58. Kf2 (58. Qa7+ $17 Kh6 59. h4) 58... Qc1 (58... Ra5 $19 {Threatens to win with ...Ra2+.} 59. Be2 Ra2) 59. b4 $2 (59. Qa7+ $17 Kh6 60. Qe3+ Qxe3+ 61. Kxe3) 59... Qd2+ 60. Kg1 {[#]} (60. Kf3 $142 Qxh2 61. Qd7+ Kh6 62. Qd8) 60... h4 $1 {[%mdl 512]} 61. Qd7+ (61. gxh4 $142 Re7 62. Qc5 Qe1+ 63. Bf1 Rxe4 64. Qc7+ Kh6 65. Qg3) 61... Kh6 62. Qd8 Qe1+ $2 (62... Qe3+ $1 $19 {and Black stays clearly on top.} 63. Kg2 {[#]} h3+ $1 {[%mdl 576] Decoy} 64. Kxh3 Rh5+ 65. Kg4 f5+ $1 {[%mdl 576] Deflection} 66. exf5 gxf5+ 67. Bxf5 Qe2+ {[%mdl 64] Double Attack} 68. Kf4 Qf2+ 69. Ke4 Qxf5+ 70. Kd4 Qe5+ 71. Kc4 Qe6+ 72. Kd4 Kg6) 63. Kg2 $17 h3+ ({Better is} 63... Kg5 $17 64. Qd4 Kh6) 64. Kf3 $11 {Intending Qh8+ and mate.} Qd1+ 65. Ke3 {Threatening mate with Qh8+.} Kg5 {[#] Strongly threatening ...Qg1+.} 66. Qh8 $1 {[%csl Gg3][%cal Rh8h4][%mdl 512] The position is equal.} Qg1+ 67. Kf3 {[%csl Gg3][%cal Rh8h4]} Qg2+ 68. Ke3 {[%csl Gg3][%cal Rh8h4]} Qg1+ 69. Kf3 {[%csl Gg3][%cal Rh8h4]} Qd1+ 70. Ke3 {[%csl Gg3][%cal Rh8h4]} Qg4 71. b5 Re7 72. b6 f5 $1 {[%cal Rf5f4] aiming for ...f4+.} 73. Qd8 f4+ {[%mdl 64] Double Attack} 74. Kd4 $2 {[%mdl 8192] Accuracy: White = 47%, Black = 57%.} (74. Kd2 $11 Qd7 75. gxf4+ Kg4 76. Qxd7+ Rxd7 77. Ke3) 0-1

[Event "Summer Prague Open A 2020"]
[Site "Prague"]
[Date "2020.08.10"]
[Round "4.17"]
[White "Deuer, Marius"]
[Black "Buchenau, Frank"]
[Result "0-1"]
[WhiteElo "2122"]
[BlackElo "2278"]
[Annotator "ChessBase"]
[PlyCount "52"]
[EventDate "2020.08.08"]
[EventCountry "CZE"]
[SourceTitle "playchess.com"]
[Source "ChessBase"]
[SourceQuality "1"]
[TimeControl "40/5400+30:1800+30"]

1. d4 e6 2. c4 Nf6 3. Nf3 Bb4+ 4. Bd2 Qe7 5. g3 Nc6 6. Bg2 Bxd2+ 7. Nbxd2 {[%emt 0:02:29]} d6 {[%emt 0:01:16]} 8. O-O {[%emt 0:02:34]} O-O {[%emt 0:00:53]} 9. e4 {[%emt 0:07:47]} e5 {[%emt 0:02:10]} 10. d5 {[%emt 0:01:02]} Nb8 {[%emt 0:00:10]} 11. Ne1 {[%emt 0:06:18]} a5 {[%emt 0:03:24]} 12. Nd3 {[%emt 0:07:40]} Na6 {[%emt 0:09:17]} 13. f4 {[%emt 0:03:14]} Bd7 {[%emt 0:08:24]} 14. Qe2 {[%emt 0:11:36]} c6 {[%emt 0:03:34]} 15. c5 {[%emt 0:18:58]} Nxc5 {[%emt 0:06:09]} 16. Nxc5 {[%emt 0:01:12]} dxc5 {[%emt 0:00:10]} 17. Nc4 {[%emt 0:00:16]} cxd5 {[%emt 0:08:03]} 18. exd5 {[%emt 0:06:28]} e4 {[%emt 0:01:13]} 19. Ne5 {[%emt 0:08:38]} Rad8 {[%emt 0:16:20]} 20. Rae1 {[%emt 0:07:08]} Qd6 {[%emt 0:05:31]} 21. Rd1 {[%emt 0:05:12]} Rfe8 {[%emt 0:02:38]} 22. Bxe4 {[%emt 0:01:42]} Nxe4 {[%emt 0:05:34]} 23. Qxe4 {[%emt 0:00:15]} Bh3 {[%emt 0:07:31]} 24. Qf3 {[%emt 0:03:50]} Bxf1 {[%emt 0:02:42]} 25. Kxf1 {[%emt 0:00:01]} Qa6+ {[%emt 0:01:42]} 26. Qd3 {[%emt 0:03:19]} Rxd5 {[%emt 0:01:29]} 0-1

[Event "Summer Prague Open A 2020"]
[Site "Prague"]
[Date "2020.08.10"]
[Round "4.18"]
[White "Bullen, Alex"]
[Black "Pozdnjakov, Viatcheslav"]
[Result "0-1"]
[WhiteElo "2116"]
[BlackElo "2300"]
[Annotator "TA"]
[PlyCount "118"]
[EventDate "2020.08.08"]
[EventCountry "CZE"]
[SourceTitle "playchess.com"]
[Source "ChessBase"]
[SourceQuality "1"]

{[%evp 14,118,-10,3,18,18,32,41,39,7,22,16,8,4,4,9,18,25,26,22,16,10,37,0,53,30,57,18,22,4,134,140,125,135,142,120,125,130,141,128,129,128,207,199,204,0,0,0,0,0,35,33,77,54,48,48,60,68,48,64,27,31,79,-41,71,61,144,155,187,0,0,-50,-73,-120,0,0,0,0,28,14,14,0,0,0,0,0,0,0,0,0,0,0,0,0,0,-1446,-1425,-6856,-6362,-5841,-5841,-29986,-29987,-29987,-29988,-29991,-29992]} 1. d4 Nf6 2. Nf3 g6 3. Nbd2 Bg7 4. e4 d6 5. Bd3 O-O 6. O-O c5 7. c3 cxd4 8. cxd4 Nc6 {B07: Pirc Defence: Miscellaneous Systems.} 9. Re1 Bg4 10. h3 Bd7 {White is slightly better.} 11. Nb3 a5 12. Be3 a4 13. Nbd2 Nb4 14. Bb1 Bb5 15. Nf1 {[#]} Re8 $146 ({Predecessor:} 15... Nc6 16. Bd3 Qa5 17. Ng3 Rfc8 18. Bxb5 Qxb5 19. Qe2 Qxe2 20. Rxe2 Nd7 21. Rd1 Nb4 {0-1 (60) Nordquelle,D (2020)-Radovanovic,M (2421) Porec 2015}) 16. a3 Nc6 17. N1d2 e5 18. Ba2 (18. d5 $5 {[%cal Rd5c6]}) 18... h6 (18... Nd7 $11) 19. Rc1 Bd3 20. d5 Ne7 21. Bb1 Bb5 (21... Bxb1 $1 $11 {remains equal.} 22. Rxb1 b5) 22. Nc4 $16 Nc8 23. Qd2 $36 {[%mdl 2048] Black is under strong pressure.} Kh7 24. Qb4 Qd7 25. Rc3 Nh5 26. Bd3 Ba6 27. Rec1 Bf6 (27... Rf8 $16 {is a better defense.} 28. Ne1 f5) 28. Nb6 $18 Nxb6 29. Rc7 $2 ({Inferior is} 29. Bxb6 Bxd3 30. Rxd3 Nf4 $11) (29. Bxa6 $1 $18 bxa6 30. Qxb6 (30. Bxb6 Be7 $16)) 29... Bxd3 $11 30. Rxd7 Nxd7 31. Qxb7 Red8 32. Rc7 {g4 is the strong threat.} Rab8 33. Qc6 {[%mdl 64] Double Attack} Bb5 $1 {[%cal Rb5c6]} 34. Qxd6 Bg7 $1 {[%cal Rg7f8]} 35. Qe7 {[%mdl 1024] White has compensation.} Kg8 36. Qb4 $1 Bf8 37. Qa5 Bd6 38. Rc1 (38. Rc6 $1 $16 {[%cal Rc6d6]} Be7 39. Ba7 Bxc6 40. Bxb8 Nxb8 41. dxc6 Nxc6 42. Qxa4) 38... Be2 (38... Nhf6 $15) 39. Qxa4 $16 Bxf3 (39... Rxb2 $14 40. Rc8 Rb8 41. Rxb8 Bxb8) 40. gxf3 Rxb2 {[#]} 41. Bxh6 $2 ({White should try} 41. Rc8 $1 $18 {[%cal Rc8d8][%mdl 512]} Rb1+ (41... Rxc8 42. Qxd7) 42. Kg2) 41... Nf4 $11 42. Bxf4 exf4 43. Rc2 {[#]} Nb6 (43... Rb1+ $1 $17 44. Kg2 Ne5) 44. Qc6 Rb1+ 45. Rc1 Rxc1+ 46. Qxc1 {Threatens to win with Qc6.} Rc8 $1 {[%cal Rc8c1]} 47. Qb2 Nc4 48. Qb7 Rb8 49. Qa6 Rb1+ 50. Kg2 Rc1 51. h4 Kg7 52. a4 Rc2 {Hoping for ...Bc5.} 53. h5 gxh5 {White must now prevent ...Bc5.} 54. a5 $2 {[%mdl 8192]} (54. Kh3 $11) 54... Bc5 $19 55. Kh1 Bxf2 56. e5 Nxe5 57. Qd6 Bd4 {Black mates.} 58. Qa3 Rf2 59. a6 Nxf3 {Both players deserved the win here. Accuracy: White = 69%, Black = 68%.} 0-1

[Event "Summer Prague Open A 2020"]
[Site "Prague"]
[Date "2020.08.10"]
[Round "4.19"]
[White "Kozak, Milos"]
[Black "Serrano Salvador, Eduardo"]
[Result "1-0"]
[WhiteElo "2174"]
[BlackElo "2299"]
[Annotator "ChessBase"]
[PlyCount "115"]
[EventDate "2020.08.08"]
[EventCountry "CZE"]
[SourceTitle "playchess.com"]
[Source "ChessBase"]
[SourceQuality "1"]
[TimeControl "40/5400+30:1800+30"]

1. d4 Nf6 2. c4 e6 3. g3 d5 4. Nf3 c6 5. Bg2 Nbd7 6. O-O Be7 7. Qc2 O-O 8. Nbd2 b6 9. e4 Bb7 10. e5 Ne8 11. cxd5 cxd5 12. Re1 Rc8 13. Qd1 Nc7 14. Nf1 Na6 15. a3 b5 16. Qb3 Qb6 17. Be3 Rc7 18. Rec1 Rfc8 19. Rxc7 Rxc7 20. N1d2 b4 21. axb4 Nxb4 22. Ne1 Ba6 23. h4 h6 24. Kh2 Be2 25. Qa4 Qb5 26. Qxb5 Bxb5 27. Bf3 Nb6 28. b3 a6 29. Bd1 Nd3 30. Nxd3 Bxd3 31. Nf3 Nd7 32. Ne1 Bb5 33. Bd2 Nb8 34. Rc1 Rxc1 35. Bxc1 Bb4 36. Nf3 Bc3 37. Ba3 Nc6 38. Bc5 Bd3 39. g4 Be4 40. Kg3 Bxf3 41. Kxf3 Bxd4 42. Bxd4 Nxd4+ 43. Ke3 Nc6 44. f4 Kf8 45. Be2 Na5 46. Bd1 Ke7 47. Kd4 Kd7 48. Kc5 Kc7 49. h5 Nb7+ 50. Kd4 a5 51. f5 Kc6 52. f6 gxf6 53. exf6 Kd6 54. g5 e5+ 55. Ke3 d4+ 56. Ke4 Nc5+ 57. Kf5 Ne6 58. g6 1-0

[Event "Summer Prague Open A 2020"]
[Site "Prague"]
[Date "2020.08.11"]
[Round "5.1"]
[White "Christiansen, Johan-Sebastian"]
[Black "Hrabusa, Matej"]
[Result "1-0"]
[WhiteElo "2612"]
[BlackElo "2350"]
[Annotator "TA"]
[PlyCount "107"]
[EventDate "2020.08.08"]
[EventCountry "CZE"]
[SourceTitle "playchess.com"]
[Source "ChessBase"]
[SourceQuality "1"]

{[%evp 16,107,25,6,23,16,11,27,39,38,45,45,58,62,50,0,16,0,0,-8,-5,0,8,20,6,0,53,50,46,56,60,40,112,129,110,86,112,94,170,190,174,189,365,368,398,169,114,116,393,350,308,320,312,326,304,324,312,265,250,250,241,225,356,390,360,169,279,268,288,280,310,290,293,314,281,303,257,246,219,219,533,508,1544,1146,29970,29970,29971,29970,29984,29985,29985,29986,29989,29985]} 1. Nf3 d5 2. d4 Nf6 3. c4 e6 4. Nc3 Bb4 5. Bg5 dxc4 6. e4 c5 7. Bxc4 cxd4 8. Nxd4 Qa5 9. Bd2 Qc5 {D39: Queen's Gambit Declined: Ragozin Defence with 5 Bg5 dxc4.} 10. Bb5+ Bd7 11. Nb3 Qb6 {White has an edge.} 12. Bd3 Nc6 13. O-O {[#]} Rd8 $146 ({Predecessor:} 13... Ne5 14. Be2 Bc6 15. Be3 Qc7 16. Nb5 Qb8 17. f3 O-O 18. Qd4 a5 19. Rfd1 Be7 {½-½ (62) Margvelashvili,G (2540)-Gareyev,T (2612) Las Vegas 2014}) 14. Be3 Qc7 15. Nb5 Qb8 $1 16. a3 Be7 17. f4 e5 18. f5 $1 Bc8 19. Qe2 O-O 20. Nc3 Nd4 (20... b6 $11) 21. Nxd4 $14 exd4 22. Bf4 Bd6 23. Bxd6 Qxd6 ({Black should play} 23... Rxd6 $14 24. Nb1 Rb6) 24. e5 $16 {[%mdl 64] Double Attack} Qc6 25. Ne4 Nxe4 26. Bxe4 (26. Qxe4 Qxe4 27. Bxe4 Rfe8 $15) 26... Qc5 (26... Qh6 $16 {was worth a try.}) 27. Bd3 $18 Rfe8 28. Rae1 Rd5 $2 {[#]} (28... a5 {was called for.} 29. Qe4 Bd7) 29. e6 $1 {[%mdl 512]} fxe6 30. f6 (30. Qe4 $142 {Black must now prevent f6.} Kh8 31. fxe6) 30... gxf6 31. Rxf6 $40 {[%mdl 128] Hoping for Ref1. White has strong attack.} Rf8 $2 {[%mdl 8192] Now Black is done in.} (31... Rg5 $16) 32. Qg4+ Rg5 33. Rxf8+ Kxf8 34. Qf4+ Ke7 35. Rf1 {Qf8+ would kill now.} (35. Bxh7 d3+ 36. Kh1 Rd5 $16) 35... Kd8 36. Rc1 Qe7 37. Qxd4+ {[%mdl 64] Double Attack} Bd7 {[#]} 38. Be4 $1 (38. Qxa7 Rxg2+ 39. Kxg2 Qg5+ 40. Kf2 Qxc1 $11) 38... Qg7 (38... b6 $142 39. b4 (39. Qh8+ Qe8 $18) 39... Rg7) 39. Qd6 ({Much less strong is} 39. Qxa7 Qe5 $18) 39... Ke8 40. Rc7 (40. Rf1 $142) 40... Rd5 {[#]} (40... Rb5 {is a better defense.} 41. Bxb7 Rb6) 41. Qxe6+ $1 ({Avoid the trap} 41. Bxd5 $2 Qd4+ 42. Kf1 Bb5+ 43. Bc4 (43. Ke1 {is a self mate.} Qe3+ 44. Kd1 Be2+ 45. Ke1 Bf3+ {[%mdl 64] Discovered Attack} 46. Kf1 Qe2+ {[%mdl 64] Double Attack} 47. Kg1 Qxg2#) 43... Bxc4+ 44. Rxc4 Qxd6 $19) 41... Bxe6 42. Rxg7 {[%mdl 4096] Endgame KRB-KRB} Rd1+ 43. Kf2 Rd2+ 44. Ke3 Rxb2 45. Rxh7 Rb3+ 46. Kf4 Rxa3 47. Rxb7 Ra1 $2 (47... Ra4 48. Rb5 Bf7 49. Re5+ Kf8) 48. h4 a5 (48... Ra4 $142 49. Ke5 Bd7 50. Bg6+ Kd8) 49. h5 a4 50. h6 {White mates.} Rh1 51. h7 Kf8 52. g4 Rh2 53. Bg6 Rh6 54. Kg5 {Accuracy: White = 85%, Black = 51%.} 1-0

[Event "Summer Prague Open A 2020"]
[Site "Prague"]
[Date "2020.08.11"]
[Round "5.2"]
[White "Svanda, Ondrej"]
[Black "Plat, Vojtech"]
[Result "1/2-1/2"]
[WhiteElo "2238"]
[BlackElo "2562"]
[Annotator "ChessBase"]
[PlyCount "133"]
[EventDate "2020.08.08"]
[EventCountry "CZE"]
[SourceTitle "playchess.com"]
[Source "ChessBase"]
[SourceQuality "1"]
[TimeControl "40/5400+30:1800+30"]

1. c4 {[%emt 0:00:00]} g6 {[%emt 0:10:14]} 2. g3 {[%emt 0:00:00]} Bg7 {[%emt 0:00:07]} 3. Bg2 {[%emt 0:00:00]} e5 {[%emt 0:00:10]} 4. Nc3 {[%emt 0:00:02]} Ne7 {[%emt 0:00:05]} 5. e4 {[%emt 0:07:02]} O-O {[%emt 0:00:21]} 6. Nge2 {[%emt 0:00:05]} c6 {[%emt 0:00:14]} 7. d4 {[%emt 0:02:44]} exd4 {[%emt 0:00:06]} 8. Nxd4 {[%emt 0:00:06]} d6 {[%emt 0:01:16]} 9. O-O {[%emt 0:02:16]} Nd7 {[%emt 0:00:04]} 10. h3 {[%emt 0:07:10]} Nb6 {[%emt 0:06:49]} 11. b3 {[%emt 0:15:29]} a5 {[%emt 0:01:51]} 12. Bb2 {[%emt 0:01:35]} a4 {[%emt 0:00:09]} 13. Rc1 {[%emt 0:00:06]} axb3 {[%emt 0:00:33]} 14. axb3 {[%emt 0:00:06]} Nd7 {[%emt 0:00:22]} 15. Ra1 {[%emt 0:05:32]} Rxa1 {[%emt 0:00:52]} 16. Bxa1 {[%emt 0:00:01]} Nc5 {[%emt 0:02:25]} 17. Nce2 {[%emt 0:07:18]} Re8 {[%emt 0:07:27]} 18. Bc3 {[%emt 0:09:16]} f5 {[%emt 0:14:23]} 19. exf5 {[%emt 0:00:36]} Nxf5 {[%emt 0:00:11]} 20. Nxf5 {[%emt 0:15:27]} Bxf5 {[%emt 0:00:04]} 21. Bxg7 {[%emt 0:00:35]} Kxg7 {[%emt 0:00:03]} 22. b4 {[%emt 0:02:33]} Ne4 {[%emt 0:06:20]} 23. g4 {[%emt 0:03:32]} Bc8 {[%emt 0:00:04]} 24. Qd4+ {[%emt 0:06:33]} Qf6 {[%emt 0:00:04]} 25. Qxf6+ {[%emt 0:05:48]} Nxf6 {[%emt 0:00:30]} 26. Ng3 {[%emt 0:01:29]} Be6 {[%emt 0:00:26]} 27. Rc1 {[%emt 0:00:28]} Re7 {[%emt 0:03:14]} 28. b5 {[%emt 0:00:46]} c5 {[%emt 0:00:09]} 29. f4 {[%emt 0:02:41]} h6 {[%emt 0:01:40]} 30. Kf2 {[%emt 0:00:49]} b6 {[%emt 0:00:16]} 31. Rd1 {[%emt 0:00:51]} Rd7 {[%emt 0:01:23]} 32. Bf1 {[%emt 0:02:53]} d5 {[%emt 0:00:18]} 33. cxd5 {[%emt 0:01:06]} Rxd5 {[%emt 0:00:25]} 34. Ra1 {[%emt 0:00:50]} Rd2+ {[%emt 0:00:30]} 35. Ke3 {[%emt 0:00:29]} Rb2 {[%emt 0:00:31]} 36. Ra7+ {[%emt 0:00:07]} Kf8 {[%emt 0:00:01]} 37. f5 {[%emt 0:01:11]} gxf5 {[%emt 0:00:30]} 38. Nxf5 {[%emt 0:00:19]} Bxf5 {[%emt 0:01:45]} 39. gxf5 {[%emt 0:00:01]} Rb4 {[%emt 0:00:33]} 40. Ra8+ {[%emt 0:01:22]} Ke7 {[%emt 0:00:02]} 41. Kf3 {[%emt 0:05:35]} Nd5 {[%emt 0:02:40]} 42. Rh8 {[%emt 0:06:42]} Rf4+ {[%emt 0:02:58]} 43. Ke2 {[%emt 0:01:10]} Rh4 {[%emt 0:00:27]} 44. Kf2 {[%emt 0:00:32]} Rh5 {[%emt 0:01:22]} 45. Ke1 {[%emt 0:05:37]} Ne3 {[%emt 0:03:39]} 46. Rh7+ {[%emt 0:01:56]} Kd6 {[%emt 0:00:53]} 47. Rb7 {[%emt 0:01:04]} Nd5 {[%emt 0:05:16]} 48. Bg2 {[%emt 0:00:04]} Rxf5 {[%emt 0:01:57]} 49. Bxd5 {[%emt 0:00:01]} Kxd5 {[%emt 0:00:06]} 50. Rxb6 {[%emt 0:00:03]} Rh5 {[%emt 0:00:19]} 51. Rg6 {[%emt 0:01:55]} Rxh3 {[%emt 0:00:03]} 52. b6 {[%emt 0:00:38]} Kc4 {[%emt 0:00:12]} 53. b7 {[%emt 0:00:21]} Rb3 {[%emt 0:00:02]} 54. Rxh6 {[%emt 0:00:05]} Rxb7 {[%emt 0:00:04]} 55. Kd2 {[%emt 0:00:05]} Kb3 {[%emt 0:00:04]} 56. Kc1 {[%emt 0:01:06]} c4 {[%emt 0:00:16]} 57. Rh3+ {[%emt 0:00:04]} c3 {[%emt 0:00:11]} 58. Rh8 {[%emt 0:00:03]} Rb5 {[%emt 0:00:11]} 59. Rg8 {[%emt 0:00:20]} Rb4 {[%emt 0:00:15]} 60. Rc8 {[%emt 0:00:17]} Rh4 {[%emt 0:00:05]} 61. Rb8+ {[%emt 0:00:06]} Rb4 {[%emt 0:00:05]} 62. Rc8 {[%emt 0:00:06]} c2 {[%emt 0:00:08]} 63. Rc3+ {[%emt 0:00:16]} Ka4 {[%emt 0:00:04]} 64. Kxc2 {[%emt 0:00:10]} Kb5 {[%emt 0:00:03]} 65. Rh3 {[%emt 0:00:05]} Rc4+ {[%emt 0:00:07]} 66. Rc3 {[%emt 0:00:06]} Rxc3+ {[%emt 0:00:01]} 67. Kxc3 {[%emt 0:00:05]} 1/2-1/2

[Event "Summer Prague Open A 2020"]
[Site "Prague"]
[Date "2020.08.11"]
[Round "5.3"]
[White "Petr, Martin"]
[Black "Kasioumis, Vasilios"]
[Result "1-0"]
[WhiteElo "2464"]
[BlackElo "2277"]
[Annotator "ChessBase"]
[PlyCount "67"]
[EventDate "2020.08.08"]
[EventCountry "CZE"]
[SourceTitle "playchess.com"]
[Source "ChessBase"]
[SourceQuality "1"]
[TimeControl "40/5400+30:1800+30"]

1. e4 {[%emt 0:00:00]} c5 {[%emt 0:00:00]} 2. Nf3 {[%emt 0:00:00]} d6 {[%emt 0:00:00]} 3. Bb5+ {[%emt 0:02:03]} Nd7 {[%emt 0:00:00]} 4. c3 {[%emt 0:01:16]} Ngf6 {[%emt 0:01:30]} 5. Qe2 {[%emt 0:00:53]} a6 {[%emt 0:02:04]} 6. Ba4 {[%emt 0:00:07]} b5 {[%emt 0:02:52]} 7. Bc2 {[%emt 0:00:06]} Bb7 {[%emt 0:01:25]} 8. d4 {[%emt 0:06:07]} e5 {[%emt 0:01:21]} 9. O-O {[%emt 0:01:16]} Qc7 {[%emt 0:00:35]} 10. a4 {[%emt 0:04:21]} cxd4 {[%emt 0:16:38]} 11. axb5 {[%emt 0:03:08]} axb5 {[%emt 0:01:48]} 12. Rxa8+ {[%emt 0:00:25]} Bxa8 {[%emt 0:00:04]} 13. Na3 {[%emt 0:14:40]} b4 {[%emt 0:11:32]} 14. Nb5 {[%emt 0:03:06]} Qb8 {[%emt 0:04:03]} 15. Qc4 {[%emt 0:07:11]} Nc5 {[%emt 0:17:34]} 16. cxb4 {[%emt 0:06:23]} d5 {[%emt 0:03:24]} 17. Qa2 {[%emt 0:01:12]} Ne6 {[%emt 0:02:35]} 18. Ba4 {[%emt 0:03:47]} dxe4 {[%emt 0:04:37]} 19. Nbxd4+ {[%emt 0:06:53]} Kd8 {[%emt 0:04:26]} 20. Nxe6+ {[%emt 0:03:10]} fxe6 {[%emt 0:00:05]} 21. Ng5 {[%emt 0:00:04]} Bd5 {[%emt 0:01:06]} 22. Bb3 {[%emt 0:00:16]} Ke8 {[%emt 0:06:00]} 23. Qa4+ {[%emt 0:04:20]} Nd7 {[%emt 0:00:17]} 24. Nxe6 {[%emt 0:00:14]} Bxb3 {[%emt 0:00:28]} 25. Qxb3 {[%emt 0:00:06]} Qxb4 {[%emt 0:00:52]} 26. Nxg7+ {[%emt 0:02:53]} Kd8 {[%emt 0:00:05]} 27. Ne6+ {[%emt 0:01:07]} Ke8 {[%emt 0:00:05]} 28. Qd5 {[%emt 0:07:01]} Qd6 {[%emt 0:01:40]} 29. Ng7+ {[%emt 0:00:39]} Kd8 {[%emt 0:00:04]} 30. Bg5+ {[%emt 0:00:06]} Kc8 {[%emt 0:00:37]} 31. Rc1+ {[%emt 0:00:04]} Kb8 {[%emt 0:00:11]} 32. Qb5+ {[%emt 0:00:06]} Nb6 {[%emt 0:00:22]} 33. Be3 {[%emt 0:01:11]} Kb7 {[%emt 0:00:27]} 34. Ne8 {[%emt 0:01:15]} 1-0

[Event "Summer Prague Open A 2020"]
[Site "Prague"]
[Date "2020.08.11"]
[Round "5.4"]
[White "Vokac, Marek"]
[Black "Cernousek, Lukas"]
[Result "1/2-1/2"]
[WhiteElo "2362"]
[BlackElo "2458"]
[Annotator "ChessBase"]
[PlyCount "81"]
[EventDate "2020.08.08"]
[EventCountry "CZE"]
[SourceTitle "playchess.com"]
[Source "ChessBase"]
[SourceQuality "1"]
[TimeControl "40/5400+30:1800+30"]

1. c4 {[%emt 0:00:00]} e6 {[%emt 0:00:00]} 2. Nf3 {[%emt 0:00:27]} d5 {[%emt 0:00:00]} 3. b3 {[%emt 0:01:22]} d4 {[%emt 0:00:00]} 4. e3 {[%emt 0:00:15]} c5 {[%emt 0:00:00]} 5. exd4 {[%emt 0:02:32]} cxd4 {[%emt 0:00:06]} 6. g3 {[%emt 0:00:13]} Nc6 {[%emt 0:00:30]} 7. Bg2 {[%emt 0:00:03]} Nf6 {[%emt 0:01:26]} 8. O-O {[%emt 0:00:17]} Bd6 {[%emt 0:02:08]} 9. d3 {[%emt 0:00:05]} O-O {[%emt 0:03:16]} 10. a3 {[%emt 0:03:23]} a5 {[%emt 0:01:30]} 11. Bg5 {[%emt 0:02:23]} h6 {[%emt 0:00:09]} 12. Bxf6 {[%emt 0:00:05]} Qxf6 {[%emt 0:00:06]} 13. Nbd2 {[%emt 0:00:08]} Qe7 {[%emt 0:00:36]} 14. Qc1 {[%emt 0:00:45]} f5 {[%emt 0:16:16]} 15. Re1 {[%emt 0:04:52]} Bd7 {[%emt 0:01:44]} 16. Qb2 {[%emt 0:22:26]} Rad8 {[%emt 0:29:08]} 17. Re2 {[%emt 0:10:04]} e5 {[%emt 0:09:30]} 18. Rae1 {[%emt 0:13:45]} Bxa3 {[%emt 0:10:58]} 19. Qa2 {[%emt 0:00:01]} e4 {[%emt 0:02:13]} 20. dxe4 {[%emt 0:05:02]} d3 {[%emt 0:05:03]} 21. Re3 {[%emt 0:00:03]} Bc5 {[%emt 0:00:10]} 22. exf5 {[%emt 0:02:29]} Bxe3 {[%emt 0:00:07]} 23. Rxe3 {[%emt 0:00:06]} Qb4 {[%emt 0:08:11]} 24. g4 {[%emt 0:05:49]} Qc3 {[%emt 0:01:26]} 25. Bf1 {[%emt 0:06:27]} a4 {[%emt 0:06:39]} 26. Rxd3 {[%emt 0:09:09]} Nb4 {[%emt 0:00:29]} 27. Rxc3 {[%emt 0:00:02]} Nxa2 {[%emt 0:00:11]} 28. Re3 {[%emt 0:00:04]} a3 {[%emt 0:00:38]} 29. Nb1 {[%emt 0:01:15]} Ra8 {[%emt 0:00:15]} 30. Ne5 {[%emt 0:03:48]} Bc6 {[%emt 0:01:06]} 31. b4 {[%emt 0:00:54]} Nxb4 {[%emt 0:00:16]} 32. Nxa3 {[%emt 0:00:12]} Rfd8 {[%emt 0:00:51]} 33. Rb3 {[%emt 0:06:03]} Ra4 {[%emt 0:00:59]} 34. Nb5 {[%emt 0:01:53]} Nc2 {[%emt 0:00:12]} 35. Rb2 {[%emt 0:00:31]} Rd2 {[%emt 0:00:47]} 36. Nc3 {[%emt 0:00:33]} Rb4 {[%emt 0:00:31]} 37. Rxb4 {[%emt 0:00:11]} Nxb4 {[%emt 0:00:04]} 38. Nxc6 {[%emt 0:00:20]} bxc6 {[%emt 0:00:15]} 39. Ne4 {[%emt 0:00:12]} Rd4 {[%emt 0:00:58]} 40. f3 {[%emt 0:00:05]} Nd3 {[%emt 0:00:43]} 41. Bxd3 {[%emt 0:31:07]} 1/2-1/2